Online
Catalog

Cartas de Fray Manuel Bayeu a Martín Zapater : (Record no. 7450)

MARC details
000 -CABECERA
campo de control de longitud fija 01060cam a2200253 a 4500
001 - NÚMERO DE CONTROL
campo de control 000007670
005 - FECHA Y HORA DE LA ÚLTIMA TRANSACCIÓN
campo de control 20200929154245.0
008 - DATOS DE LONGITUD FIJA--INFORMACIÓN GENERAL
campo de control de longitud fija 970919s1996 sp ah b 001 0aspa d
020 ## - NÚMERO INTERNACIONAL ESTÁNDAR DEL LIBRO
Número Internacional Estándar del Libro 8478203079
040 ## - FUENTE DE LA CATALOGACIÓN
Centro catalogador/agencia de origen DO-SdBNP
Lengua de catalogación spa
Centro/agencia transcriptor BNPHU
082 ## - NÚMERO DE LA CLASIFICACIÓN DECIMAL DEWEY
Número de clasificación 866.5
Número de documento/Ítem B357c
100 1# - ENTRADA PRINCIPAL--NOMBRE DE PERSONA
Nombre de persona Calvo Ruata, José Ignacio.
Fechas asociadas al nombre 1740-1809.
9 (RLIN) 21257
245 10 - MENCIÓN DE TÍTULO
Título Cartas de Fray Manuel Bayeu a Martín Zapater :
Resto del título fondo documental del Museo del Prado /
Mención de responsabilidad, etc. José Ignacio Calvo Ruata.
260 ## - PUBLICACIÓN, DISTRIBUCIÓN, ETC.
Lugar de publicación, distribución, etc. Zaragoza :
Nombre del editor, distribuidor, etc. Institución Fernando el Católico,
-- Museo del Prado,
Fecha de publicación, distribución, etc. 1996.
300 ## - DESCRIPCIÓN FÍSICA
Extensión 189 p. : ;
Dimensiones 25 cm.
490 1# - MENCIÓN DE SERIE
Mención de serie Publicación de la Institución "Fernando el Católico"
Designación de volumen o secuencia 1763
504 ## - NOTA DE BIBLIOGRAFÍA, ETC.
Nota de bibliografía, etc. Bibliografía :
600 14 - PUNTO DE ACCESO ADICIONAL DE MATERIA--NOMBRE DE PERSONA
Nombre de persona BAYEU, MANUEL
Fechas asociadas al nombre 1740-1809
Subdivisión general CORRESPONDENCIA, MEMORIAS, ETC.
9 (RLIN) 21258
650 #4 - PUNTO DE ACCESO ADICIONAL DE MATERIA--TÉRMINO DE MATERIA
Término de materia o nombre geográfico como elemento de entrada Artistas
Subdivisión geográfica España
Subdivisión general Correspondencia, memorias, etc.
9 (RLIN) 21259
650 #4 - PUNTO DE ACCESO ADICIONAL DE MATERIA--TÉRMINO DE MATERIA
Término de materia o nombre geográfico como elemento de entrada Cartas españolas
9 (RLIN) 9744
700 1# - PUNTO DE ACCESO ADICIONAL--NOMBRE DE PERSONA
Nombre de persona Calvo Ruata, José Ignacio,
Término indicativo de función/relación comp.
9 (RLIN) 21260
710 2# - PUNTO DE ACCESO ADICIONAL--NOMBRE DE ENTIDAD CORPORATIVA
Nombre de entidad corporativa o nombre de jurisdicción como elemento de entrada Museo del Prado.
9 (RLIN) 21261
830 #0 - PUNTO DE ACCESO ADICIONAL DE SERIE-TÍTULO UNIFORME
Título uniforme Publicación de la Institución "Fernando el Católico" ;
Número de parte o sección de la obra 1763.
9 (RLIN) 21262
Holdings
Estado de retiro Estado de pérdida Restricciones de uso No para préstamo Código de colección Localización permanente Ubicación/localización actual Ubicación en estantería Fecha de adquisición Número de inventario Total de préstamos Signatura topográfica completa Código de barras Fecha visto por última vez Precio válido a partir de Tipo de ítem Koha
      Excluido de préstamo Monografías: Libros y Folletos General General Depósito 09.09.2009 LF1   866.5 B357c 7670-10 25.06.2020 25.06.2020 No se presta
        Monografías: Libros y Folletos General General Orden iniciada 26.05.2017 LF1   866.5 B357c 7670-20 25.06.2020 25.06.2020 No se presta

Powered by Koha